Spreadsheet Tools for Engineers : Excel 97version (Record no. 3131)
[ view plain ]
| 000 -LEADER | |
|---|---|
| fixed length control field | 00870nam a2200277 a 4500 |
| 003 - CONTROL NUMBER IDENTIFIER | |
| control field | PK-NaQUE |
| 005 - DATE AND TIME OF LATEST TRANSACTION | |
| control field | 20250722093825.0 |
| 008 - FIXED-LENGTH DATA ELEMENTS--GENERAL INFORMATION | |
| fixed length control field | 250722b ||||| |||| 00| 0 eng d |
| 020 ## - INTERNATIONAL STANDARD BOOK NUMBER | |
| International Standard Book Number | 0071153012 (paperback) |
| 020 ## - INTERNATIONAL STANDARD BOOK NUMBER | |
| International Standard Book Number | 9780071153010 (paperback) |
| 040 ## - CATALOGING SOURCE | |
| Transcribing agency | QUEST |
| 082 ## - DEWEY DECIMAL CLASSIFICATION NUMBER | |
| Classification number | 620.00285GOT |
| 100 1# - MAIN ENTRY--PERSONAL NAME | |
| Personal name | Gottfried, Byron S. |
| 245 10 - TITLE STATEMENT | |
| Title | Spreadsheet Tools for Engineers : Excel 97version |
| 250 ## - EDITION STATEMENT | |
| Edition statement | International edition. |
| 260 ## - PUBLICATION, DISTRIBUTION, ETC. (IMPRINT) | |
| Place of publication, distribution, etc | Boston |
| Name of publisher, distributor, etc | McGraw-Hill Education (ISE Editions), |
| Date of publication, distribution, etc | 1998. |
| 300 ## - PHYSICAL DESCRIPTION | |
| Extent | x,383 p. ; |
| 490 1# - SERIES STATEMENT | |
| Series statement | B.E.S.T. series. |
| 500 ## - GENERAL NOTE | |
| General note | International Edition. |
| 650 ## - SUBJECT ADDED ENTRY--TOPICAL TERM | |
| Topical term or geographic name as entry element | Microsoft Excel (Computer file) |
| 650 ## - SUBJECT ADDED ENTRY--TOPICAL TERM | |
| Topical term or geographic name as entry element | Engineering--Data processing |
| 650 ## - SUBJECT ADDED ENTRY--TOPICAL TERM | |
| Topical term or geographic name as entry element | Electronic spreadsheets |
| 650 ## - SUBJECT ADDED ENTRY--TOPICAL TERM | |
| Topical term or geographic name as entry element | Engineering mathematics |
| 856 40 - ELECTRONIC LOCATION AND ACCESS | |
| Uniform Resource Identifier | <a href="http://10.10.170.122:8080/browse/book/27896">http://10.10.170.122:8080/browse/book/27896</a> |
| Link text | Download eBook |
| 942 ## - ADDED ENTRY ELEMENTS (KOHA) | |
| Koha item type | Books |
| Source of classification or shelving scheme | Dewey Decimal Classification |
| Withdrawn status | Lost status | Damaged status | Not for loan | Collection code | Home library | Current library | Date acquired | Total Checkouts | Full call number | Barcode | Date last seen | Koha item type | Price effective from |
|---|---|---|---|---|---|---|---|---|---|---|---|---|---|
| Reference | Reference Section | Reference Section | 15/05/2014 | 519.02855369GOT (Shelf - 35F) | 22443 | 15/05/2014 | Books | ||||||
| Seminar Library, Mathematics & Statis. | Seminar Library, Mathematics & Statis. | 12/08/2014 | 519.02855369GOT | 22444 | 12/08/2014 | Books | 12/08/2014 |